[Event "vl-2324 MVP"]
[Site "MVP"]
[Date "2023.11.19"]
[Round "3.8"]
[White "Herde, Dittmar"]
[Black "Ederle, Artoem"]
[Result "1-0"]
[WhiteElo "1938"]
[BlackElo "1488"]
[PlyCount "67"]
[EventDate "2023.??.??"]
[EventType "team-tourn"]
[EventRounds "9"]
[EventCountry "GER"]
[WhiteTeam "SSC Rostock"]
[BlackTeam "Greifswalder SV"]
[WhiteTeamCountry "GER"]
[BlackTeamCountry "GER"]

1. d4 d5 2. c4 e6 3. Nc3 c5 4. e3 Nf6 5. cxd5 exd5 6. Nf3 c4 7. Be2 Nc6 8. b3 Be6 9. bxc4 dxc4 10. Qa4 a6 11. Ne5 b5 12. Nxc6 Qc8 13. Nxb5 Bd7 14. Nc3 Bxc6 15. Qxc4 Qd7 16. f3 Nd5 17. Rb1 Be7 18. e4 Nxc3 19. Qxc3 O-O 20. Bc4 Bh4+ 21. Ke2 Bf6 22. Be3 Rfe8 23. Qd3 Bb5 24. Rhc1 Red8 25. d5 Be5 26. h3 Qd6 27. Kf1 g6 28. Qd2 Bd7 29. Rb6 Qa3 30. Bb3 f5 31. Rc2 fxe4 32. Bc5 Bb5+ 33. Kg1 e3 34. Qxe3 1-0

[Event "vl-2324 MVP"]
[Site "MVP"]
[Date "2023.12.17"]
[Round "4.1"]
[White "Stubbe, Wilko"]
[Black "Stutz, Reno"]
[Result "1/2-1/2"]
[WhiteElo "2181"]
[BlackElo "2039"]
[PlyCount "65"]
[EventDate "2023.??.??"]
[EventType "team-tourn"]
[EventRounds "9"]
[EventCountry "GER"]
[WhiteTeam "Greifswalder SV"]
[BlackTeam "GW Wismar"]
[WhiteTeamCountry "GER"]
[BlackTeamCountry "GER"]

1. Nf3 d5 2. c4 e6 3. g3 Nf6 4. Bg2 dxc4 5. Qa4+ Bd7 6. Qxc4 c5 7. Ne5 Qc8 8. O-O Nc6 9. Nxd7 Qxd7 10. Qc2 Be7 11. d3 O-O 12. Nd2 Nd4 13. Qd1 Rac8 14. Nf3 Rfd8 15. Nxd4 cxd4 16. Qb3 b6 17. Bd2 Rc7 18. Rfc1 Rdc8 19. Rxc7 Rxc7 20. Rc1 Rxc1+ 21. Bxc1 Qc7 22. Bd2 h6 23. Bf3 Bd6 24. Qa4 e5 25. b4 Qe7 26. b5 Bc5 27. Qc2 Qd7 28. a4 Qh3 29. Bg2 Qg4 30. Bc1 h5 31. h3 Qf5 32. Bd2 h4 33. Be1 1/2-1/2

[Event "vl-2324 MVP"]
[Site "MVP"]
[Date "2023.12.17"]
[Round "4.2"]
[White "Kliewe, Hans-Juergen"]
[Black "Kalhorn, Stefan"]
[Result "1/2-1/2"]
[WhiteElo "2127"]
[BlackElo "2090"]
[PlyCount "48"]
[EventDate "2023.??.??"]
[EventType "team-tourn"]
[EventRounds "9"]
[EventCountry "GER"]
[WhiteTeam "GW Wismar"]
[BlackTeam "Greifswalder SV"]
[WhiteTeamCountry "GER"]
[BlackTeamCountry "GER"]

1. d4 d5 2. Bf4 Nf6 3. e3 e6 4. Nf3 Bd6 5. Bg3 O-O 6. Bd3 c5 7. c3 Qc7 8. Ne5 Nc6 9. f4 Ne7 10. Nd2 Nf5 11. Bf2 Be7 12. O-O b6 13. g4 Nd6 14. Qf3 Bb7 15. Qh3 Nfe4 16. Rad1 a5 17. Bh4 f6 18. Nef3 Ba6 19. Bxa6 Rxa6 20. Bg3 Qd7 21. Nxe4 Nxe4 22. Nd2 Nxd2 23. Rxd2 f5 24. Bh4 b5 1/2-1/2

[Event "vl-2324 MVP"]
[Site "MVP"]
[Date "2023.12.17"]
[Round "4.3"]
[White "Hertel, Johannes"]
[Black "Schinke, Andreas"]
[Result "1-0"]
[WhiteElo "2039"]
[BlackElo "2053"]
[PlyCount "29"]
[EventDate "2023.??.??"]
[EventType "team-tourn"]
[EventRounds "9"]
[EventCountry "GER"]
[WhiteTeam "Greifswalder SV"]
[BlackTeam "GW Wismar"]
[WhiteTeamCountry "GER"]
[BlackTeamCountry "GER"]

1. d4 Nf6 2. c4 g6 3. g3 Bg7 4. Bg2 O-O 5. Nf3 d6 6. Nc3 c5 7. O-O Nc6 8. h3 Bd7 9. d5 Na5 10. Qd3 Rb8 11. e4 a6 12. e5 dxe5 13. Nxe5 b5 14. Nxd7 bxc4 15. Nxf6+ 1-0

[Event "vl-2324 MVP"]
[Site "MVP"]
[Date "2023.12.17"]
[Round "4.4"]
[White "Lanz, Joerg"]
[Black "Lange, Jannis"]
[Result "1-0"]
[WhiteElo "2055"]
[BlackElo "2085"]
[PlyCount "75"]
[EventDate "2023.??.??"]
[EventType "team-tourn"]
[EventRounds "9"]
[EventCountry "GER"]
[WhiteTeam "GW Wismar"]
[BlackTeam "Greifswalder SV"]
[WhiteTeamCountry "GER"]
[BlackTeamCountry "GER"]

1. Nf3 Nf6 2. g3 g6 3. Bg2 Bg7 4. O-O O-O 5. d3 d5 6. Nbd2 c5 7. e4 Nc6 8. c3 h6 9. h3 e5 10. Qc2 Be6 11. Re1 Rc8 12. exd5 Nxd5 13. Nc4 Qc7 14. a4 Rfd8 15. Qe2 Re8 16. Bd2 Rcd8 17. Rad1 Bf5 18. Nh4 Bc8 19. Bc1 Nb6 20. Ne3 Nxa4 21. Ng4 Bxg4 22. hxg4 Nb6 23. g5 h5 24. Be4 Rd6 25. Be3 Ne7 26. f4 Nbd5 27. f5 Nxe3 28. Qxe3 gxf5 29. Nxf5 Nxf5 30. Bxf5 Rb6 31. Re2 Qc6 32. Be4 Qe6 33. Rf1 c4 34. dxc4 Qxc4 35. Qf3 Rd8 36. Qxh5 Kf8 37. Ref2 Qxe4 38. Qxf7# 1-0

[Event "vl-2324 MVP"]
[Site "MVP"]
[Date "2023.12.17"]
[Round "4.5"]
[White "Patzenhauer, Max"]
[Black "Littke, Helmut"]
[Result "1/2-1/2"]
[WhiteElo "1949"]
[BlackElo "2054"]
[PlyCount "22"]
[EventDate "2023.??.??"]
[EventType "team-tourn"]
[EventRounds "9"]
[EventCountry "GER"]
[WhiteTeam "Greifswalder SV"]
[BlackTeam "GW Wismar"]
[WhiteTeamCountry "GER"]
[BlackTeamCountry "GER"]

1. d4 Nf6 2. Nf3 d5 3. e3 Bf5 4. c4 c6 5. Qb3 Qc7 6. Nc3 e6 7. Bd2 Nbd7 8. Rc1 Qb6 9. Be2 Qxb3 10. axb3 Bd6 11. O-O O-O 1/2-1/2

[Event "vl-2324 MVP"]
[Site "MVP"]
[Date "2023.12.17"]
[Round "4.6"]
[White "Roeder, Phillip"]
[Black "Mildner, Jens"]
[Result "0-1"]
[WhiteElo "2021"]
[BlackElo "2107"]
[PlyCount "92"]
[EventDate "2023.??.??"]
[EventType "team-tourn"]
[EventRounds "9"]
[EventCountry "GER"]
[WhiteTeam "GW Wismar"]
[BlackTeam "Greifswalder SV"]
[WhiteTeamCountry "GER"]
[BlackTeamCountry "GER"]

1. Nc3 d5 2. e4 dxe4 3. Nxe4 Bf5 4. Ng3 Bg6 5. Nf3 e6 6. h4 h6 7. Ne5 Qf6 8. Nxg6 Qxg6 9. d4 Bd6 10. Bd3 Qf6 11. Nh5 Qe7 12. Nxg7+ Kf8 13. Nh5 Nf6 14. Qf3 Nbd7 15. Nxf6 Qxf6 16. Qxf6 Nxf6 17. Bd2 Kg7 18. O-O-O c6 19. c4 Nd7 20. Rh3 Kf8 21. Rf3 Ke7 22. Bf4 Bxf4+ 23. Rxf4 Rhg8 24. g3 Nf6 25. Kc2 Rad8 26. Kc3 a6 27. Be2 Rd6 28. Rd3 Rg7 29. Rdf3 Nh5 30. Re4 Nf6 31. Re5 Rg6 32. Rf4 Rg7 33. g4 Rd8 34. f3 Rdg8 35. Bd3 Rh8 36. Be4 Rd8 37. b4 Rh8 38. a4 Nd7 39. Ra5 Nb8 40. Rh5 Nd7 41. g5 f5 42. gxf6+ Nxf6 43. Ra5 Rg3 44. Kd3 Rhg8 45. b5 Nh5 46. Rg4 R8xg4 0-1

[Event "vl-2324 MVP"]
[Site "MVP"]
[Date "2023.12.17"]
[Round "4.7"]
[White "Woll, Wilfried"]
[Black "Junggebauer, Thomas"]
[Result "1-0"]
[WhiteElo "2023"]
[BlackElo "1971"]
[PlyCount "117"]
[EventDate "2023.??.??"]
[EventType "team-tourn"]
[EventRounds "9"]
[EventCountry "GER"]
[WhiteTeam "Greifswalder SV"]
[BlackTeam "GW Wismar"]
[WhiteTeamCountry "GER"]
[BlackTeamCountry "GER"]

1. c4 c6 2. Nf3 d5 3. g3 Nf6 4. Bg2 Bg4 5. cxd5 cxd5 6. Ne5 e6 7. Nxg4 Nxg4 8. Qa4+ Qd7 9. Qxg4 Nc6 10. a3 Rc8 11. O-O Ne5 12. Qd4 Bd6 13. d3 O-O 14. Nd2 f6 15. Nf3 Bc5 16. Qh4 Ng6 17. Qh5 Rfe8 18. Bd2 Qb5 19. b4 Bd6 20. Rac1 Qa4 21. Nd4 Rxc1 22. Rxc1 Qd7 23. Bh3 Be5 24. e3 a6 25. Qd1 Bxd4 26. exd4 Ne7 27. Qb3 Nc6 28. Be3 b5 29. Rc5 Kf7 30. Qc2 Rc8 31. Qd1 g6 32. Qf3 Re8 33. Bg5 f5 34. Be3 Rc8 35. Qf4 Kg8 36. Bf1 Re8 37. h4 Rc8 38. Be2 Rf8 39. Kg2 Rf7 40. h5 Rg7 41. Qh4 Kf7 42. h6 Rg8 43. Bf4 Rc8 44. Be5 Qe7 45. Qf4 Kg8 46. Qc1 Qd7 47. Bf3 Kf7 48. Qc2 Ke8 49. Qb3 Qf7 50. a4 bxa4 51. Qxa4 Qb7 52. b5 axb5 53. Rxb5 Qd7 54. Qb3 Nxe5 55. dxe5 Rc7 56. Rb8+ Rc8 57. d4 Rxb8 58. Qxb8+ Qd8 59. Qxd8+ 1-0

[Event "vl-2324 MVP"]
[Site "MVP"]
[Date "2023.12.17"]
[Round "4.8"]
[White "Borchert, Ulf"]
[Black "Johlke, Lorenz"]
[Result "1/2-1/2"]
[WhiteElo "1990"]
[BlackElo "1644"]
[PlyCount "68"]
[EventDate "2023.??.??"]
[EventType "team-tourn"]
[EventRounds "9"]
[EventCountry "GER"]
[WhiteTeam "GW Wismar"]
[BlackTeam "Greifswalder SV"]
[WhiteTeamCountry "GER"]
[BlackTeamCountry "GER"]

1. d4 c6 2. Nf3 d5 3. Bg5 Nf6 4. c3 h6 5. Bh4 Bf5 6. e3 e6 7. Bd3 Bxd3 8. Qxd3 Be7 9. Nbd2 O-O 10. O-O Nbd7 11. Rad1 Nh5 12. Bxe7 Qxe7 13. e4 dxe4 14. Nxe4 Nhf6 15. Rfe1 Rad8 16. Ng3 Qd6 17. Ne4 Nxe4 18. Qxe4 Qd5 19. Qxd5 cxd5 20. Ne5 Nxe5 21. Rxe5 b5 22. f4 Rd6 23. Rde1 g6 24. g4 Kg7 25. h4 Kf6 26. Kh2 Ke7 27. f5 Kd7 28. f6 a5 29. a3 Rb8 30. Ra1 Rdb6 31. b4 a4 32. Rd1 Rc6 33. Rd3 Rbc8 34. Ree3 R6c7 1/2-1/2

[Event "vl-2324 MVP"]
[Site "MVP"]
[Date "2023.12.17"]
[Round "4.1"]
[White "Schmidt, Peter"]
[Black "Illgen, Alexander"]
[Result "1/2-1/2"]
[WhiteElo "2075"]
[BlackElo "2009"]
[PlyCount "149"]
[EventDate "2023.??.??"]
[EventType "team-tourn"]
[EventRounds "9"]
[EventCountry "GER"]
[WhiteTeam "SSC Rostock"]
[BlackTeam "VT Ludwigslust"]
[WhiteTeamCountry "GER"]
[BlackTeamCountry "GER"]

1. Nf3 Nf6 2. b3 g6 3. Bb2 Bg7 4. e4 d6 5. Bc4 O-O 6. Qe2 c5 7. O-O Nc6 8. c3 Bg4 9. d4 Nd7 10. Qe3 Bxf3 11. gxf3 cxd4 12. cxd4 e6 13. Rd1 Qh4 14. Nd2 Nb6 15. Be2 d5 16. a3 Rac8 17. Nf1 Rfd8 18. Ng3 Bh6 19. Qd3 dxe4 20. fxe4 Ne5 21. Qb1 Ng4 22. Bxg4 Qxg4 23. Qd3 Bf4 24. Qe2 Qg5 25. a4 h5 26. Kh1 h4 27. Nf1 Rc7 28. d5 exd5 29. a5 Nc8 30. exd5 Re7 31. Qf3 Be5 32. Bxe5 Rxe5 33. Ne3 Nd6 34. Ra4 Kg7 35. Qf4 Qxf4 36. Rxf4 Rh5 37. Nc4 f6 38. Kg2 Rhh8 39. Rc1 Nf5 40. d6 Rhe8 41. Kf3 Kf7 42. Ne3 Rxd6 43. Nxf5 gxf5 44. Rc7+ Re7 45. Rxe7+ Kxe7 46. Ke3 Rd5 47. Rxh4 Rxa5 48. Rh7+ Ke6 49. Rxb7 Ke5 50. f4+ Ke6 51. h4 Ra1 52. h5 Rh1 53. Rxa7 Rh3+ 54. Kd4 Rxb3 55. Ra6+ Kf7 56. Ra7+ Ke6 57. h6 Rf3 58. Ra6+ Kf7 59. Ra7+ Kg6 60. Rg7+ Kxh6 61. Rg8 Rxf4+ 62. Ke3 Rg4 63. Ra8 Kg7 64. Ra7+ Kg6 65. Kf3 Rb4 66. Ra8 f4 67. Ra5 f5 68. Ra8 Kf6 69. Rf8+ Kg6 70. Rg8+ Kf7 71. Ra8 Re4 72. Ra6 Kg7 73. Rb6 Kf7 74. Ra6 Re6 75. Rxe6 1/2-1/2

[Event "vl-2324 MVP"]
[Site "MVP"]
[Date "2023.12.17"]
[Round "4.2"]
[White "Montag, Ralf"]
[Black "Nour, Alaa"]
[Result "1/2-1/2"]
[WhiteElo "2050"]
[BlackElo "1774"]
[PlyCount "129"]
[EventDate "2023.??.??"]
[EventType "team-tourn"]
[EventRounds "9"]
[EventCountry "GER"]
[WhiteTeam "VT Ludwigslust"]
[BlackTeam "SSC Rostock"]
[WhiteTeamCountry "GER"]
[BlackTeamCountry "GER"]

1. e4 e5 2. d4 exd4 3. Qxd4 Nc6 4. Qe3 Nf6 5. Nc3 Bb4 6. Bd2 O-O 7. O-O-O d6 8. Bc4 Ng4 9. Qg3 Bc5 10. Nh3 Nge5 11. Bg5 Qd7 12. Be2 Nd4 13. f3 Nxe2+ 14. Nxe2 f6 15. Bf4 Qc6 16. Nc3 Be6 17. Nd5 Rf7 18. Kb1 Nc4 19. Rd3 Qa4 20. Bc1 c6 21. Nhf4 Bc8 22. Nc3 Qa6 23. Ka1 b5 24. Nb1 Qb6 25. b3 Bf2 26. Be3 Bxg3 27. Bxb6 Bxf4 28. Bf2 Nb6 29. c3 a5 30. g3 Bh6 31. Bxb6 Rb7 32. Bf2 Bh3 33. Rhd1 f5 34. exf5 d5 35. g4 Re7 36. Re1 Rae8 37. Rdd1 Re2 38. Bg3 g6 39. fxg6 b4 40. gxh7+ Kxh7 41. Rxe2 Rxe2 42. Re1 Rc2 43. Re7+ Kg8 44. Be5 Bg2 45. f4 Be4 46. a3 Rc1 47. cxb4 axb4 48. axb4 Rxb1+ 49. Ka2 Rh1 50. f5 Bc1 51. Rc7 d4 52. f6 Bd5 53. Rg7+ Kf8 54. Bd6+ Ke8 55. Re7+ Kd8 56. Bc7+ Kc8 57. f7 Bh6 58. Bf4 Bxf7 59. Rxf7 Bxf4 60. Rxf4 Rxh2+ 61. Kb1 d3 62. Rd4 Rg2 63. Kc1 Kc7 64. Kd1 Kb6 65. Rc4 1/2-1/2

[Event "vl-2324 MVP"]
[Site "MVP"]
[Date "2023.12.17"]
[Round "4.3"]
[White "Onasch, Gunnar"]
[Black "Hasselmann, Dieter"]
[Result "1/2-1/2"]
[WhiteElo "1897"]
[BlackElo "2116"]
[PlyCount "108"]
[EventDate "2023.??.??"]
[EventType "team-tourn"]
[EventRounds "9"]
[EventCountry "GER"]
[WhiteTeam "SSC Rostock"]
[BlackTeam "VT Ludwigslust"]
[WhiteTeamCountry "GER"]
[BlackTeamCountry "GER"]

1. d4 d5 2. c4 e6 3. Nc3 Nf6 4. cxd5 exd5 5. Bg5 Be7 6. e3 O-O 7. Bd3 c6 8. Qc2 Nbd7 9. Nf3 Re8 10. O-O Nf8 11. Rab1 Ne4 12. Bxe7 Qxe7 13. b4 a6 14. a4 Bd7 15. Nd2 f5 16. Rfe1 Qh4 17. Nf3 Qe7 18. Ne5 g5 19. f3 Nxc3 20. Qxc3 Ng6 21. Nxd7 Qxd7 22. b5 axb5 23. axb5 Nh4 24. bxc6 bxc6 25. Rb6 Ra2 26. Re2 Rxe2 27. Bxe2 Qe7 28. Rxc6 f4 29. e4 dxe4 30. Bc4+ Kf8 31. Re6 Qb7 32. Qa3+ Re7 33. Rxe7 Qxe7 34. Qxe7+ Kxe7 35. fxe4 g4 36. Kf2 f3 37. g3 Ng6 38. Ke3 h5 39. Ba6 Kf6 40. e5+ Kg5 41. Ke4 h4 42. d5 hxg3 43. hxg3 Nf8 44. Bb5 f2 45. Bc4 Nd7 46. e6 Nb6 47. Bb5 Kf6 48. Bf1 Nc8 49. Kf4 Nb6 50. Kxg4 Nxd5 51. Kf3 Kxe6 52. Kxf2 Nf6 53. Bd3 Kf7 54. Kf3 Kg7 1/2-1/2

[Event "vl-2324 MVP"]
[Site "MVP"]
[Date "2023.12.17"]
[Round "4.5"]
[White "Hochgraefe, Hans-Juergen"]
[Black "Krueger, Horst"]
[Result "1/2-1/2"]
[WhiteElo "1941"]
[BlackElo "1996"]
[PlyCount "23"]
[EventDate "2023.??.??"]
[EventType "team-tourn"]
[EventRounds "9"]
[EventCountry "GER"]
[WhiteTeam "SSC Rostock"]
[BlackTeam "VT Ludwigslust"]
[WhiteTeamCountry "GER"]
[BlackTeamCountry "GER"]

1. d4 d5 2. Nf3 Nf6 3. c3 c6 4. Bf4 Bf5 5. e3 h6 6. h3 Nbd7 7. Nbd2 e6 8. Ne5 Qb6 9. b4 a5 10. a3 Be7 11. Be2 O-O 12. g4 1/2-1/2

[Event "vl-2324 MVP"]
[Site "MVP"]
[Date "2023.12.17"]
[Round "4.6"]
[White "Hilpert, Andreas"]
[Black "Menkhaus, Wolf-Dieter"]
[Result "1/2-1/2"]
[WhiteElo "1879"]
[BlackElo "1908"]
[PlyCount "213"]
[EventDate "2023.??.??"]
[EventType "team-tourn"]
[EventRounds "9"]
[EventCountry "GER"]
[WhiteTeam "VT Ludwigslust"]
[BlackTeam "SSC Rostock"]
[WhiteTeamCountry "GER"]
[BlackTeamCountry "GER"]

1. d4 Nf6 2. Nf3 c5 3. e3 e6 4. Nc3 d5 5. Bb5+ Bd7 6. Bxd7+ Nbxd7 7. O-O a6 8. a4 c4 9. Re1 Bb4 10. Bd2 O-O 11. Ne2 Bxd2 12. Nxd2 b5 13. Ng3 b4 14. e4 c3 15. bxc3 bxc3 16. Nb3 dxe4 17. Nxe4 Nb6 18. Nxc3 Qc7 19. Ne4 Nxe4 20. Rxe4 Nd5 21. Rh4 Rfd8 22. Nc5 e5 23. Qh5 Nf6 24. Qxe5 Qxe5 25. dxe5 Rd5 26. exf6 Rxc5 27. c4 gxf6 28. Rg4+ Kf8 29. h4 Rac8 30. Rc1 Ra5 31. Rf4 Kg7 32. Rc3 Rxa4 33. g4 Ra5 34. Kg2 Rac5 35. Kf3 Kg6 36. Ke3 f5 37. f3 h6 38. Kd3 fxg4 39. fxg4 f5 40. Rb3 fxg4 41. Rxg4+ Kf5 42. Rd4 R8c6 43. Rb2 Rg6 44. Rf2+ Ke5 45. Re4+ Kd6 46. Kd4 Rh5 47. Rb2 Kc6 48. Rb8 Rd6+ 49. Kc3 Kc7 50. Rbe8 Rf6 51. Kb4 Rb6+ 52. Kc3 Rf6 53. R8e5 Rxe5 54. Rxe5 Rf4 55. h5 Rf6 56. Kd4 Rf4+ 57. Kd5 Rh4 58. c5 a5 59. c6 a4 60. Re7+ Kc8 61. Kd6 Rd4+ 62. Kc5 Rd1 63. Ra7 Rc1+ 64. Kd6 Rd1+ 65. Ke6 Rc1 66. Rxa4 Rxc6+ 67. Kf7 Rc7+ 68. Kg6 Rc6+ 69. Kg7 Kd8 70. Ra8+ Ke7 71. Ra3 Re6 72. Rg3 Ke8 73. Rg6 Re7+ 74. Kxh6 Kf8 75. Ra6 Re1 76. Ra8+ Kf7 77. Kh7 Rg1 78. h6 Rg2 79. Ra7+ Kf8 80. Ra4 Rg1 81. Rf4+ Ke7 82. Kh8 Rg2 83. Rb4 Kf7 84. Rb7+ Kf8 85. Rg7 Rh2 86. Kh7 Rh1 87. Rg6 Kf7 88. Ra6 Rg1 89. Ra7+ Kf8 90. Ra3 Rg2 91. Rf3+ Ke7 92. Kh8 Rg1 93. h7 Rg2 94. Ra3 Kf7 95. Ra8 Rg1 96. Rg8 Rh1 97. Rg2 Rf1 98. Rg4 Rf2 99. Rg8 Rf1 100. Rg7+ Kf8 101. Rc7 Rg1 102. Rc4 Rg2 103. Rf4+ Ke7 104. Re4+ Kf7 105. Rf4+ Ke7 106. Re4+ Kf7 107. Rf4+ 1/2-1/2

[Event "vl-2324 MVP"]
[Site "MVP"]
[Date "2023.12.17"]
[Round "4.7"]
[White "Herde, Dittmar"]
[Black "Wiemer, Juergen"]
[Result "1-0"]
[WhiteElo "1938"]
[BlackElo "1978"]
[PlyCount "83"]
[EventDate "2023.??.??"]
[EventType "team-tourn"]
[EventRounds "9"]
[EventCountry "GER"]
[WhiteTeam "SSC Rostock"]
[BlackTeam "VT Ludwigslust"]
[WhiteTeamCountry "GER"]
[BlackTeamCountry "GER"]

1. d4 Nf6 2. c4 e6 3. Nf3 d5 4. Bg5 Be7 5. e3 Nbd7 6. Nc3 c6 7. Bd3 a6 8. O-O O-O 9. Bxf6 Bxf6 10. b3 b5 11. Qc2 g6 12. Rac1 Bb7 13. Ne2 Rc8 14. Qb1 Qe7 15. Rfe1 e5 16. e4 exd4 17. Nexd4 c5 18. exd5 Qd6 19. Ne2 bxc4 20. bxc4 Rb8 21. Qc2 Ne5 22. Nxe5 Bxe5 23. g3 Bc8 24. Rb1 Ra8 25. f4 Bf6 26. Kg2 Qd7 27. Ng1 Bd4 28. Be4 Ra7 29. Nf3 Qh3+ 30. Kh1 Bg4 31. Qg2 Qh5 32. Nxd4 cxd4 33. Qd2 Re7 34. Bg2 Rfe8 35. Rxe7 Rxe7 36. Re1 Rxe1+ 37. Qxe1 Qf5 38. Qe8+ Kg7 39. Be4 Qf6 40. Bd3 Qb6 41. Qe5+ Kh6 42. Qg5+ 1-0

[Event "vl-2324 MVP"]
[Site "MVP"]
[Date "2023.12.17"]
[Round "4.2"]
[White "Pawlicz, Filip"]
[Black "Stoevesand, Peter"]
[Result "0-1"]
[WhiteElo "1553"]
[BlackElo "1754"]
[PlyCount "56"]
[EventDate "2023.??.??"]
[EventType "team-tourn"]
[EventRounds "9"]
[EventCountry "GER"]
[WhiteTeam "SAV Torgelow II"]
[BlackTeam "SG Neubrandenburg"]
[WhiteTeamCountry "GER"]
[BlackTeamCountry "GER"]

1. d4 d5 2. c4 e6 3. Nf3 Nf6 4. g3 dxc4 5. Bg2 a6 6. Ne5 c5 7. Nxc4 Nc6 8. Bxc6+ bxc6 9. Qa4 cxd4 10. Qxc6+ Bd7 11. Qf3 Rc8 12. Qb3 Bb5 13. Nba3 Qd5 14. O-O Bxc4 15. Nxc4 Qxc4 16. Qf3 Qd5 17. Qd3 Be7 18. Qxa6 O-O 19. Rd1 e5 20. e3 Qf3 21. Qf1 Bc5 22. exd4 Bxd4 23. Bg5 Rc2 24. Rd2 Rfc8 25. Rad1 Ne4 26. Rxc2 Rxc2 27. Be3 Rxf2 28. Qh3 Qxd1+ 0-1

[Event "vl-2324 MVP"]
[Site "MVP"]
[Date "2023.12.17"]
[Round "4.5"]
[White "Hoerhold, Martin"]
[Black "Troemer, Felix"]
[Result "1-0"]
[WhiteElo "1852"]
[BlackElo "1753"]
[PlyCount "57"]
[EventDate "2023.??.??"]
[EventType "team-tourn"]
[EventRounds "9"]
[EventCountry "GER"]
[WhiteTeam "SG Neubrandenburg"]
[BlackTeam "SAV Torgelow II"]
[WhiteTeamCountry "GER"]
[BlackTeamCountry "GER"]

1. d4 Nf6 2. c4 g6 3. Nc3 Bg7 4. e4 d6 5. Be2 O-O 6. Bg5 Nbd7 7. Qd2 c5 8. d5 a6 9. h4 Nb6 10. h5 Ng4 11. Bxg4 Bxg4 12. f3 Bxh5 13. b3 Qd7 14. g4 Bxg4 15. fxg4 Qxg4 16. Nge2 h5 17. Bxe7 Rfe8 18. Bxd6 Rxe4 19. Nxe4 Bxa1 20. Qf4 Qxf4 21. Bxf4 Bd4 22. Nxd4 cxd4 23. Nf6+ Kg7 24. Be5 Kh6 25. Bxd4 Nc8 26. Bc5 Kg5 27. O-O b5 28. Be3+ Kh4 29. Kg2 1-0

[Event "vl-2324 MVP"]
[Site "MVP"]
[Date "2023.12.17"]
[Round "4.6"]
[White "Bollnow, Alex"]
[Black "Rossmann, Andreas"]
[Result "0-1"]
[WhiteElo "1657"]
[BlackElo "2073"]
[PlyCount "48"]
[EventDate "2023.??.??"]
[EventType "team-tourn"]
[EventRounds "9"]
[EventCountry "GER"]
[WhiteTeam "SAV Torgelow II"]
[BlackTeam "SG Neubrandenburg"]
[WhiteTeamCountry "GER"]
[BlackTeamCountry "GER"]

1. e4 c5 2. Nf3 d6 3. d4 cxd4 4. Nxd4 Nf6 5. Nc3 Nc6 6. Bc4 Qb6 7. Nxc6 bxc6 8. Bb3 e6 9. O-O Be7 10. Bf4 Qc7 11. Re1 e5 12. Bg5 O-O 13. h3 Be6 14. Bxe6 fxe6 15. Qe2 Rab8 16. b3 Rf7 17. Rad1 Rbf8 18. f3 Ne8 19. Be3 d5 20. Bf2 Bb4 21. exd5 Bxc3 22. dxe6 Re7 23. Rd7 Rxd7 24. exd7 Bxe1 0-1

[Event "vl-2324 MVP"]
[Site "MVP"]
[Date "2023.12.17"]
[Round "4.7"]
[White "Winkler, Karl"]
[Black "Schmekel, Matthias"]
[Result "1/2-1/2"]
[WhiteElo "1884"]
[BlackElo "1938"]
[PlyCount "125"]
[EventDate "2023.??.??"]
[EventType "team-tourn"]
[EventRounds "9"]
[EventCountry "GER"]
[WhiteTeam "SG Neubrandenburg"]
[BlackTeam "SAV Torgelow II"]
[WhiteTeamCountry "GER"]
[BlackTeamCountry "GER"]

{[%evp 0,125,28,18,41,29,30,23,17,14,14,-50,-31,-60,-8,-42,-5,-24,-33,-33,-38,-31,-15,-45,-33,-33,-7,-42,-35,-61,-23,-46,-28,-18,-47,-30,-47,-70,-66,-93,-95,-64,33,31,30,33,53,48,53,38,64,67,115,121,167,89,144,-49,-39,-38,-15,-15,-15,-32,-18,3,-6,-6,0,-44,-52,-73,-70,-70,-70,-73,-69,-69,-68,-68,-57,-53,-31,-158,-46,-194,0,-233,0,0,34,0,0,0,0,0,0,0,0,13,13,34,0,0,0,15,54,0,0,0,0,0,0,0,0,0,0,0,39,39,39,44,41,39,39,39,39,39]} 1. e4 c5 2. d4 cxd4 3. Qxd4 Nc6 4. Qe3 Nf6 5. Be2 e6 6. c3 Be7 7. Nf3 Qc7 8. O-O d5 9. exd5 Nxd5 10. Qe4 O-O 11. Bd3 f5 12. Qe2 Kh8 13. a3 e5 14. Bc4 Nb6 15. Ba2 e4 16. Ng5 Ne5 17. Qh5 Bxg5 18. Bxg5 Nd3 19. Qe2 Na4 20. f3 Qb6+ 21. Be3 Qxb2 22. Qxb2 Naxb2 23. fxe4 f4 24. Bd4 Bg4 25. Nd2 Be2 26. Rfb1 b6 27. Nc4 Na4 28. Ne5 Nxe5 29. Bxe5 f3 30. gxf3 Bxf3 31. Bd5 Rac8 32. c4 Nc5 33. Bd6 Rf6 34. e5 Rg6+ 35. Kf2 Bxd5 36. cxd5 Ne4+ 37. Ke3 Nxd6 38. exd6 Rxd6 39. Rd1 Re8+ 40. Kd4 g5 41. Rd2 Kg7 42. Rc1 Kg6 43. Rc7 a6 44. Rdc2 Red8 45. R7c6 {(=)} Kf6 46. Rf2+ Ke7 47. Re2+ Kd7 48. Rxd6+ Kxd6 49. Re6+ Kc7 50. Ke5 Rd7 51. Rc6+ Kb7 52. Ke6 Rg7 53. Rd6 g4 54. Rd7+ Rxd7 55. Kxd7 h5 56. d6 h4 57. Ke7 g3 58. hxg3 h3 59. d7 h2 60. d8=Q h1=Q 61. Qd7+ Kb8 62. Qd8+ Ka7 63. Qc7+ 1/2-1/2

[Event "vl-2324 MVP"]
[Site "MVP"]
[Date "2023.12.17"]
[Round "4.1"]
[White "Grossmann, Piet"]
[Black "Westphal, Wolfgang"]
[Result "0-1"]
[WhiteElo "1904"]
[BlackElo "2202"]
[PlyCount "102"]
[EventDate "2023.??.??"]
[EventType "team-tourn"]
[EventRounds "9"]
[EventCountry "GER"]
[WhiteTeam "SAV Torgelow"]
[BlackTeam "SSC Graal-Mueritz"]
[WhiteTeamCountry "GER"]
[BlackTeamCountry "GER"]

1. d4 a6 2. e4 d5 3. Bd3 c5 4. dxc5 dxe4 5. Bxe4 Qxd1+ 6. Kxd1 e5 7. Nc3 Bxc5 8. Nd5 Nf6 9. Nxf6+ gxf6 10. Be3 Bxe3 11. fxe3 Nd7 12. Ke2 Nc5 13. Bd5 Be6 14. Bxe6 fxe6 15. Nh3 Ke7 16. Nf2 Rac8 17. b3 f5 18. Rac1 e4 19. g4 Rhg8 20. gxf5 exf5 21. Rhg1 Ne6 22. c4 Ng5 23. Rg3 Nf3 24. Rd1 Rcd8 25. Rxd8 Rxd8 26. Rg7+ Kf6 27. Rxh7 Rd2+ 28. Kf1 Rxa2 29. Kg2 b5 30. cxb5 axb5 31. Kg3 Kg6 32. Rh8 Re2 33. Rb8 Rxe3 34. Rb6+ Kf7 35. Kf4 Rxb3 36. Kxf5 e3 37. Rb7+ Ke8 38. Ne4 Kd8 39. Nd6 Rd3 40. Ke4 e2 41. Kxd3 e1=Q 42. Nf7+ Ke8 43. Nd6+ Kf8 44. Rf7+ Kg8 45. Rxf3 Qd1+ 46. Ke4 Qxd6 47. h3 Qc6+ 48. Ke3 b4 49. Rg3+ Kh7 50. Kd2 Qc4 51. Rd3 Qa2+ 0-1

[Event "vl-2324 MVP"]
[Site "MVP"]
[Date "2023.12.17"]
[Round "4.2"]
[White "Roehl, Rainer"]
[Black "Herrmann, Jakob"]
[Result "1/2-1/2"]
[WhiteElo "1994"]
[BlackElo "1980"]
[PlyCount "88"]
[EventDate "2023.??.??"]
[EventType "team-tourn"]
[EventRounds "9"]
[EventCountry "GER"]
[WhiteTeam "SSC Graal-Mueritz"]
[BlackTeam "SAV Torgelow"]
[WhiteTeamCountry "GER"]
[BlackTeamCountry "GER"]

1. Nf3 d5 2. e3 Nf6 3. c4 e6 4. Nc3 Be7 5. b3 O-O 6. Bb2 c5 7. cxd5 exd5 8. d4 Ne4 9. Bd3 Qa5 10. Qc2 cxd4 11. Nxd4 Bb4 12. Rc1 Nc6 13. Nxc6 bxc6 14. O-O Bxc3 15. Bxc3 Nxc3 16. Qxc3 Qxc3 17. Rxc3 Bd7 18. e4 Rfd8 19. exd5 cxd5 20. Rfc1 a5 21. Rc5 Be6 22. Kf1 g6 23. Ke2 Kg7 24. Bb5 d4 25. Kd2 Kf6 26. g3 g5 27. f4 gxf4 28. Rf1 Rd5 29. Rxf4+ Ke5 30. Rxd5+ Kxd5 31. Rh4 Kc5 32. Rh5+ Kb4 33. Bc6 Ra6 34. Bb5 Ra7 35. Bd3 Ka3 36. Bxh7 Kxa2 37. Bc2 Bxb3 38. Bxb3+ Kxb3 39. Kd3 a4 40. Rb5+ Ka2 41. Kxd4 a3 42. Ke5 Ka1 43. Kf6 a2 44. g4 Rc7 1/2-1/2